| 000 | 00723cab a2200253 4500 | ||
|---|---|---|---|
| 001 | ABS59417 | ||
| 008 | 090401t1998 xxu||||| |||| 00| 0 eng d | ||
| 035 | _a(Sirsi) u89305 | ||
| 041 | _aeng | ||
| 100 | _aSavage, C. | ||
| 245 | _aWhat gets measured gets done | ||
| 260 | _c1998 | ||
| 350 | _a0 | ||
| 490 |
_aFacilities Management _v6(1) October 1998, 12(1) |
||
| 520 | _aAssess the benefits of benchmarking for property managers. | ||
| 650 | _aBENCHMARKING | ||
| 650 |
_aFACILITIES MANAGEMENT _96240 |
||
| 650 | _aPROPERTY MAINTENANCE | ||
| 650 |
_aProperty management _96262 |
||
| 650 | _aPROPERTY PERFORMANCE MEASUREMENT | ||
| 690 | _aCOMMERCIAL PROPERTY-MANAGEMENT | ||
| 942 | _n0 | ||
| 948 | _c27/10/1998 | ||
| 999 |
_c56485 _d56485 |
||